|
|
|
|
| LEADER |
00000nab a2200000 a 4500 |
| 001 |
vtls000361123 |
| 003 |
SK-MaSNL |
| 005 |
20260303230023.0 |
| 008 |
230120c1989 xo 0 slo |
| 015 |
|
|
|a SNBRB19rr/mm-uuuuu
|
| 035 |
|
|
|a CL0361245
|
| 035 |
|
|
|a (urnnbn)urn:nbn:sk:snk:ar-004tho
|
| 035 |
|
|
|a (uuid)58638519-d5a6-48e0-88a1-b968e25be51a
|
| 035 |
|
|
|a urn:nbn:sk:snk-ab7xoe
|
| 040 |
|
|
|a SNKBUCL
|b slo
|c SNKBUCL
|e AACR2
|
| 041 |
0 |
|
|a slo
|
| 044 |
|
|
|a xo
|c SK
|
| 080 |
|
|
|a 1 100.413
|2 1981
|
| 100 |
1 |
|
|a Harbuľová, Ľubica,
|d 1962-
|4 aut
|9 101166
|
| 245 |
1 |
0 |
|a Dzieje paňstw socjalistycznych
|c Ľ. Harbuľová
|
| 650 |
0 |
7 |
|a sústava socialistická svetová
|2 snkbucl
|9 934921
|
| 651 |
|
7 |
|a socialistické krajiny
|2 snkbucl
|9 165745
|
| 655 |
|
7 |
|a články z novín a časopisov
|2 snkbucl
|9 267496
|
| 773 |
0 |
|
|t Historický časopis
|g Roč. 37, č. 2 (1989), s. 294-295
|
| 787 |
0 |
8 |
|i Rec.:
|t Dzieje paňstw socjalistycznych
|d Warszawa : Paňstwowe wydawnictwo ekonomiczne, 1986
|
| 850 |
|
|
|a Slovenská národná knižnica v Martine
|a MTA001
|
| 852 |
|
|
|a SNK
|b KIS3GCP
|
| 954 |
|
|
|a odborná, vedecká literatúra pôvodná (slovenská)
|2 lita
|
| 958 |
|
|
|a OND
|
| 958 |
|
|
|a RK
|
| 958 |
|
|
|a EUIPO
|
| 958 |
|
|
|a article9
|
| 992 |
|
|
|a RBX
|
| 999 |
|
|
|c 2259657
|d 2261587
|